Parents and peers in social development : (Record no. 15746)

MARC details
000 -LEADER
fixed length control field 00992cam a2200313 i 4500
001 - CONTROL NUMBER
control field 2754831
003 - CONTROL NUMBER IDENTIFIER
control field mut
005 - DATE AND TIME OF LATEST TRANSACTION
control field 20240606081341.0
008 - FIXED-LENGTH DATA ELEMENTS--GENERAL INFORMATION
fixed length control field 791127s1980 ilu b 001 0 eng
010 ## - LIBRARY OF CONGRESS CONTROL NUMBER
LC control number 79025457
020 ## - INTERNATIONAL STANDARD BOOK NUMBER
International Standard Book Number 0226964841
040 ## - CATALOGING SOURCE
Original cataloging agency DLC
Transcribing agency mut
Modifying agency DLC
050 00 - LIBRARY OF CONGRESS CALL NUMBER
Classification number HQ769
Item number .Y59 1980
082 00 - DEWEY DECIMAL CLASSIFICATION NUMBER
Classification number 305.2/3
100 1# - MAIN ENTRY--PERSONAL NAME
Personal name Youniss, James.
245 10 - TITLE STATEMENT
Title Parents and peers in social development :
Remainder of title a Sullivan-Piaget perspective /
260 ## - PUBLICATION, DISTRIBUTION, ETC.
Place of publication, distribution, etc. Chicago :
Name of publisher, distributor, etc. University of Chicago Press,
Date of publication, distribution, etc. 1980.
300 ## - PHYSICAL DESCRIPTION
Extent xviii, 301 p. ;
Dimensions 24 cm.
500 ## - GENERAL NOTE
General note Companion vol.: Adolescent relations with mothers, fathers, and friends.
500 ## - GENERAL NOTE
General note Includes index.
504 ## - BIBLIOGRAPHY, ETC. NOTE
Bibliography, etc. note Bibliography: p. 293-295.
600 10 - SUBJECT ADDED ENTRY--PERSONAL NAME
Personal name Sullivan, Harry Stack,
Dates associated with a name 1892-1949.
600 10 - SUBJECT ADDED ENTRY--PERSONAL NAME
Personal name Piaget, Jean,
Dates associated with a name 1896-1980.
650 #0 - SUBJECT ADDED ENTRY--TOPICAL TERM
Topical term or geographic name entry element Child development.
650 #0 - SUBJECT ADDED ENTRY--TOPICAL TERM
Topical term or geographic name entry element Parent and child.
650 #0 - SUBJECT ADDED ENTRY--TOPICAL TERM
Topical term or geographic name entry element Age groups.
906 ## - LOCAL DATA ELEMENT F, LDF (RLIN)
a 7
b cbc
c orignew
d 1
e ocip
f 19
g y-gencatlg
942 ## - ADDED ENTRY ELEMENTS (KOHA)
Source of classification or shelving scheme Library of Congress Classification
Koha item type Books
Holdings
Withdrawn status Lost status Source of classification or shelving scheme Damaged status Not for loan Home library Current library Shelving location Date acquired Source of acquisition Total checkouts Full call number Barcode Date last seen Price effective from Koha item type
    Library of Congress Classification     Murang'a University of Technology Library Murang'a University of Technology Library General stacks 22/02/2018 Donation-TFC   HQ769 .Y59 1980 019407 30/08/2024 22/02/2018 Books